LEADER 01647nam 2200541 450 001 9910465998203321 005 20200520144314.0 010 $a1-4674-4538-X 035 $a(CKB)3710000000614908 035 $a(SSID)ssj0001635424 035 $a(PQKBManifestationID)16388637 035 $a(PQKBTitleCode)TC0001635424 035 $a(PQKBWorkID)14820789 035 $a(PQKB)11162120 035 $a(MiAaPQ)EBC4859083 035 $a(Au-PeEL)EBL4859083 035 $a(CaPaEBR)ebr11388174 035 $a(OCoLC)944920160 035 $a(EXLCZ)993710000000614908 100 $a20170615h20162016 uy 0 101 0 $aeng 135 $aurcnu|||||||| 181 $ctxt 182 $cc 183 $acr 200 10$aCommonwealth and covenant $eeconomics, politics, and theologies of relationality /$fMarcia Pally 210 1$aCambridge, England :$cWilliam B. Eerdmans Publishing Company,$d2016. 210 4$d©2016 215 $a1 online resource (340 pages) 300 $aBibliographic Level Mode of Issuance: Monograph 311 $a0-8028-7104-6 320 $aIncludes bibliographical references and index. 606 $aCovenants$xReligious aspects$xChristianity 606 $aCovenants 606 $aCovenant theology 608 $aElectronic books. 615 0$aCovenants$xReligious aspects$xChristianity. 615 0$aCovenants. 615 0$aCovenant theology. 676 $a231.7/6 700 $aPally$b Marcia$0976117 801 0$bMiAaPQ 801 1$bMiAaPQ 801 2$bMiAaPQ 906 $aBOOK 912 $a9910465998203321 996 $aCommonwealth and covenant$92222909 997 $aUNINA LEADER 03212 am 2200505 n 450 001 9910495941003321 005 20240104030647.0 010 $a2-7535-3794-1 024 7 $a10.4000/books.pur.12928 035 $a(CKB)4340000000013223 035 $a(FrMaCLE)OB-pur-12928 035 $a(PPN)267955537 035 $a(EXLCZ)994340000000013223 100 $a20150717j|||||||| ||| 0 101 0 $afre 135 $auu||||||m|||| 200 03$aLe métier de sociologue en France depuis 1945$eRenaissance d'une discipline$fGérald Houdeville 210 $aRennes$cPresses universitaires de Rennes$d2015 215 $a1 online resource (324 p.) 311 $a2-7535-0552-7 330 $aL'analyse de l'activité scientifique a généralement conduit, jusqu'à présent, anthropologues, historiens et sociologues à investir de façon privilégiée le domaine des sciences de la vie, des sciences de la nature et des mathématiques et à délaisser, relativement, celui des sciences sociales. Ce livre entend contribuer à modifier cette donne. Délaissant un autre point de vue souvent adopté - celui de l'histoire des idées et de l'épistémologie - il propose de prendre pour objet d'étude la sociologie en train de se faire et les sociologues français en exercice dans le monde académique en se fondant sur un travail d'investigation approfondie (observations, entretiens, questionnaire, analyse de documents). Pour ce faire, il a fallu inverser la relation habituelle de travail de recherche et inviter les sociologues, professionnels de l'enquête, à se laisser interviewer et observer. Contre l'évidence de l'existence de la sociologie comme discipline d'enseignement et de recherche, l'ouvrage s'efforce de décrire et de comprendre ces pratiques professionnelles telles qu'elles ont été mises en ?uvre dans les universités et les grands organismes de la recherche de 1945 aux années 2000. Il montre que les manières de faire aujourd'hui sont en réalité les produits de la (re)constitution progressive au cours de la seconde moitié du XXe siècle d'un capital disciplinaire fait d'éléments institutionnels et d'autres ressources (outils, univers de références) dont la croyance dans la sociologie comme discipline à part entière n'est pas la moindre. Enseignants et chercheurs y puisent les moyens et les raisons d'exercer aujourd'hui leur métier de sociologue. 606 $aIndustrial Relations & Labor 606 $aSociology 606 $amétier 606 $aprofession 606 $asociologie 606 $arecherche scientifique 606 $asciences humaines et sociales 606 $asociologie du travail 606 $aXXe siècle 615 4$aIndustrial Relations & Labor 615 4$aSociology 615 4$amétier 615 4$aprofession 615 4$asociologie 615 4$arecherche scientifique 615 4$asciences humaines et sociales 615 4$asociologie du travail 615 4$aXXe siècle 700 $aHoudeville$b Gérald$01453759 801 0$bFR-FrMaCLE 906 $aBOOK 912 $a9910495941003321 996 $aLe métier de sociologue en France depuis 1945$93656682 997 $aUNINA LEADER 02699nam 2200553Ia 450 001 9910626107703321 005 20200520144314.0 010 $a1-283-90359-8 010 $a1-84593-998-0 035 $a(CKB)2670000000309913 035 $a(EBL)1103934 035 $a(OCoLC)823389880 035 $a(SSID)ssj0000783030 035 $a(PQKBManifestationID)12344183 035 $a(PQKBTitleCode)TC0000783030 035 $a(PQKBWorkID)10751724 035 $a(PQKB)11215676 035 $a(MiAaPQ)EBC1103934 035 $a(EXLCZ)992670000000309913 100 $a20121005d2012 uy 0 101 0 $aeng 135 $aur|n#|||||||| 181 $ctxt$2rdacontent 181 $csti$2rdacontent 182 $cc$2rdamedia 183 $acr$2rdacarrier 200 00$aDairy herd health /$fedited by Martin Green, University of Nottingham, UK ; co-edited by Andrew Bradley ...[et. al.] 210 $aWallingford, Oxfordshire $cCAB International$d2012 215 $a1 online resource (427 pages) $cillustrations 300 $aDescription based upon print version of record. 311 $a1-84593-997-2 320 $aIncludes bibliographical references and index. 327 $aConcepts in dairy herd health -- Facilitating change in herd health -- Restoring the dairy herd: rearing youngstock and replacing cows -- Managing herd reproduction -- Control of mastitis and enhancement of milk quality -- Control of lameness -- Control of infectious disease -- Nutritional management of herd health -- Dairy farming, food security and environmental issues -- Appendix 1. Sample sizes and disease prevalence estimates -- Appendix 2. Genetics and herd health. 330 $aThis book is comprised of 9 chapters focusing on dairy cattle disease prevention at the herd level. Topics covered include concepts in dairy herd health, facilitating change in herd health, rearing youngstock and replacing cows, managing herd reproduction, mastitis control and milk quality enhancement, lameness control, control of infectious diseases, nutritional management of herd health and dairy farming, food security and environmental issues. Appendices on sample sizes and disease prevalence estimates as well as on genetics and herd health are provided. 606 $aDairy cattle$xHealth 606 $aCattle$xHealth 615 0$aDairy cattle$xHealth. 615 0$aCattle$xHealth. 676 $a636.089/3 676 $a636.2142 701 $aGreen$b Martin$g(Martin J.)$0151860 701 $aBradley$b Andrew$01267304 801 0$bMiAaPQ 801 1$bMiAaPQ 801 2$bMiAaPQ 906 $aBOOK 912 $a9910626107703321 996 $aDairy herd health$92980013 997 $aUNINA